00939 a2200289 4500502002400000260001500024653001400039100002500053041000700078260003100085300001000116245005900126650001600185650002100201650001700222650001100239650002400250260002100274300002900295130000700324710002600331040001400357041000700371100008900378520016400467020001800631 aThèse de Doctorat aWageningen1 aAgronomie aBOER, Eric Peter Jan bEn bUniversité de Wageningen a98 p. aInterpolation and optimal monitoring in space and time aSTATISTIQUE aCONTROLE CONTINU aCARTOGRAPHIE aRESEAU aANALYSE STATISTIQUE c25 february 2002 bIll., Couv. ill. ; 24 cm lEn aWageningen University aSupport  bEn uAbomey-Calavi, Université d'Abomey-Calavi, Faculté des Sciences Agronomiques, Bj aThis thesis shows how statistics can be used for both analysing data and for determining the (optimal) design for collecting data in environmental research.... a90-5808-573-2